| 000 | 01024nac a22002777a 4500 | ||
|---|---|---|---|
| 001 | BR7301474 | ||
| 003 | BR-BrBNA | ||
| 005 | 20240105113459.0 | ||
| 008 | 230509b bl.|||m| |||| 00| 0 por d | ||
| 040 |
_aBR-BrBNA _bpor _cBiblioteca Nacional de Agricultura |
||
| 072 | _aF60; P33 | ||
| 090 | _aF60 BR7301474 | ||
| 100 | 1 | _aFerraz. E.S.B. | |
| 110 | 1 | _aCentro de Energia Nuclear na Agricultura, Piracicaba, SP (Brasil) | |
| 245 | 1 | _aEstudo da evapotranspiracao real atraves da medida de umidade do solo por moderacao de neutrons [Paspalum notatum (Flugge)] | |
| 260 | 3 |
_aPiracicaba, SP (Brasil): _c1972. |
|
| 300 | _a40 p. | ||
| 490 |
_aBoletim Cientifico - Centro de Energia Nuclear na Agricultura (Brazil) _vno. 5 _x |
||
| 500 | _a11 tables; 8 graphs; Bibliography p. 35-40 (53 ref.); Summaries (En, Pt) | ||
| 650 | _aFISIOLOGIA VEGETAL | ||
| 650 | _aEVAPOTRANSPIRACAO | ||
| 650 | _aUMIDADE DO SOLO | ||
| 650 | _aGRAMA-BATATAIS | ||
| 909 |
_a202312 _bLúcia Elande _c55 _dLúcia Elande |
||
| 942 |
_2AGRIS _n0 _cMS |
||
| 999 |
_c263964 _d263964 |
||